01158nmc a2200337 a 4500003000900000005001700009008004100026020001800067040001300085245005800098260002900156300003600185490003200221504012300253650002100376650003000397650002500427650002700452650002600479650001600505650002500521650002300546650002500569653002200594653002500616653002300641700003800664700004400702800003600746800003800782AR-BaBNM20251128205639.0011101s1996 ||||||||||||||000 | spa|| a84-7738-276-X cAR-BaBNM10aEnseñar geografíabde la teoría a la práctica aMadridbSíntesisc1996 a397 p.bmapas, tablas, gráfs. 0aEspacios y sociedadesvv. 3 aBibliografía general a todos los trabajos p. 375-397, además cada trabajo cuenta con bibliografía complementaria 4aPLAN DE ESTUDIOS 4aENSENANZA DE LA GEOGRAFIA 4aMETODOS DE ENSENANZA 4aMATERIAS DEL CURRICULO 4aCIENCIAS DE LA TIERRA 4aCARTOGRAFIA 4aCIENCIA Y TECNOLOGIA 4aMATERIAL DIDACTICO 4aORGANIZACION ESCOLAR 0aSISTEMA EDUCATIVO aEDUCACION SECUNDARIA aEDUCACION SUPERIOR1 aMoreno Jiménez, Antonioeeditor1 aMarrón Gaite, María Jesúseeditor1 aVinuesa Angulo, Julioedirector1 aPuyol Antolín, Rafaeledirector